Score 0/31 Timer 05:00
4 Plays Today
Country % Correct
Poland
81.4%
Norway
80.5%
South Korea
80.1%
Portugal
77.9%
Colombia
77%
Bolivia
76.5%
South Africa
76.3%
Togo
73.1%
Morocco
72.9%
North Korea
72.9%
Romania
69.2%
Somalia
66.8%
Honduras
65.6%
Mongolia
64.3%
Monaco
63.5%
Kosovo
62.3%
Country % Correct
Dominica
61.3%
Moldova
61%
Botswana
60.9%
Dominican Republic
60.5%
Jordan
60.3%
Comoros
57.2%
Tonga
56.7%
Costa Rica
55.3%
Bosnia and Herzegovina
52.5%
Montenegro
52.2%
North Macedonia
52%
Mozambique
51.6%
Solomon Islands
43.1%
Cote d'Ivoire
41.6%
South Sudan
41.5%
Remove Ads.
Support Sporcle.
Get the best of Sporcle when you Go Orange. This ad-free experience offers more features, more stats, and more fun while also helping to support Sporcle. Thank you for becoming a member.

You're not logged in!

Compare scores with friends on all Sporcle quizzes.
OR
Log In

Sporcle TV

Today on Sporcle TV


Watch our educational content, quiz creation guides, and fun videos on Sporcle TV.

Show Comments

Extras

Top Quizzes Today


Score Distribution

Paid Content

Your Account Isn't Verified!

In order to create a playlist on Sporcle, you need to verify the email address you used during registration. Go to your Sporcle Settings to finish the process.

Report this User

Report this user for behavior that violates our Community Guidelines.

Details: